| 000 | 00731cam a2200241 4500 | ||
|---|---|---|---|
| 008 | 090401t1993 xxu||||| |||| 00| 0 eng d | ||
| 020 | _a1852712473 | ||
| 035 | _a(Sirsi) u53493 | ||
| 041 | _aeng | ||
| 050 | _a690 | ||
| 100 | _aCecil, Ray | ||
| 245 | 2 | _aA client`s guide to building. | |
| 260 |
_aLondon _bLegal Studies Publishing Ltd. _c1993 |
||
| 300 | _a134p. ; 24cm. | ||
| 350 | _a27.5 | ||
| 520 | _aA basic but comprehensive guide to help clients understand the building process from choosing an architect to taking possession. | ||
| 650 | _aARCHITECTS | ||
| 650 | _aBUILT ENVIRONMENT-BUILDING CONTRACT FORMS | ||
| 650 | _aProcurement-old | ||
| 690 | _aBUILT ENVIRONMENT | ||
| 942 | _n0 | ||
| 948 | _c04/03/1997 | ||
| 999 |
_c93279 _d93279 |
||